000 02961nam a2200433 a 4500
001 991029641169706706
003 ES-BaIT
005 20260402094411.0
008 110202s1829 sp 000 d spa c
026 _ereo, s.a! loo? áMal 3 1829 A
_2fei
035 _a(ES-BaCBU).b47948814
040 _aES-BaCBU
_bcat
_cES-BaCBU
080 _a860-2"18"
100 1 _aHernández, Sebastián
_925245
245 1 3 _aEl Yesero de Beniaján, hecho lechuguino en Murcia :
_bsaynete nuevo para ocho personas : representado en dicha capitál por la compañía de aficionados, de que es directór y primer actór /
_csu autor D. Sebastian Hernandez, ó sea Anbastise Zendar, P. A.
246 1 _iTítol a la coberta de paper:
_aLechuguino, ó, Yesero de Beniaján :
_bsaynete nuevo
260 _aCon Licencia: Impreso en Murcia :
_bOficina de José Santamaría,
_c1829
300 _a32 p. ;
_c8º (15 cm)
500 _aMarca de l'impressor al verso de la portada
500 _aSignatura numèrica (4 quaderns de 4 f.)
500 _aP8: D1, H7 i altres
530 _aReproducció digital disponible a Biblioescènic
593 _bVIT-059/07
_cEnquadernació holandesa amb puntes, en color blau, guardes marbrejades. Exemplar guillotinat. Portada estripada. Etiqueta d'antic topogràfic Vitrina A Estante 2 en full de guarda volant anterior. Etiqueta de la libreria: "de Hortal y Compañia" al contraplà anterior. Relligat en volum factici, títol al llom: Entremeses raros VI
_fEx-libris de la Colección teatral Arturo Sedó a la contracoberta anterior. Llistat manuscrit al full de guarda anterior de les obres que conté el volum
_gExemplar digitalitzat per Crossland, 2022
_hArtur Sedó
593 _b74082
_cSense enquadernar, porta un paper del programa de l'obra "Los hijos de la emigración" de Luis de Val per protegir el cos del llibre amb les anotacions: "19-2 /(X) " i el topogràfic escrit a llapis tant a la coberta protectora com a la portada. Conserva la tapa posterior de l'enquadernació editorial
_fSegell de la Colección teatral Arturo Sedó a portada. Procedència: Col·lecció Díaz Escovar
_hArtur Sedó
650 0 _aSainets castellans
_yS. XIX
_vTextos dramàtics
_9169202
700 1 _aSantamaría, José,
_d1788-
_eimpressor
_9169203
730 0 _aCol·lecció digital Biblioescènic del MAE
_969172
752 _aEspanya
_dMúrcia
856 4 1 _zAccés lliure (Biblioescènic)
_3Exemplar VIT-059/07
_uhttps://books.cdmae.cat/visorpdf/?recurs=SV0059-07
856 4 2 _zFitxa del catàleg manual
_uhttps://www.cdmae.cat/sedo/imgtitulos/072/P0001034.gif
856 4 2 _zFitxa del catàleg manual
_uhttps://www.cdmae.cat/sedo/imgtitulos/072/P0001035.gif
902 _aPatrimoni
907 _a.b47948814
_b21-06-21
_c02-02-11
_d02-02-11
_em
_fa
_gp
_hspa
_isp
_j0
_k0
908 _aDHUB
_aCDMAE
910 1 _aSantamaría, José,
940 _aDHUB
942 _2udc
_cDIGITAL
999 _c137345
_d137345